LIBRARY & INFORMATION CENTRE, KCAET, TAVANUR

ONLINE PUBLIC ACCESS CATALOGUE (OPAC)

Introduction to the study of English literature / (Record no. 3526)

MARC details
000 -LEADER
fixed length control field 00471cam a2200169ua 4500
041 ## - LANGUAGE CODE
Language code of text/sound track or separate title eng
082 ## - DEWEY DECIMAL CLASSIFICATION NUMBER
Classification number 828.09
Item number SRI/IN
100 ## - MAIN ENTRY--AUTHOR NAME
Personal name Srinivasa Iyengar, K R .
245 ## - TITLE STATEMENT
Title Introduction to the study of English literature /
250 ## - EDITION STATEMENT
Edition statement 1 /
260 ## - PUBLICATION, DISTRIBUTION, ETC. (IMPRINT)
Place of publication New Delhi :
Name of publisher Ashish Publishing House ,
Year of publication 1966.
300 ## - PHYSICAL DESCRIPTION
Number of Pages 296 ; .
700 1# - ADDED ENTRY--PERSONAL NAME
Personal name Prema, Nanda Kumar .
942 ## - ADDED ENTRY ELEMENTS (KOHA)
Koha item type Books
Holdings
Withdrawn status Lost status Damaged status Home library Current library Date acquired Full call number Accession Number Koha item type
Withdrawn     KAUAET Kelappaji 07/04/2012 828.09 10348 Books
free website counter